Most expensive football transfers - Right-Backs - 2019-2020 Season - Statistics

General Stats
  • This quiz has been taken 13 times
  • The average score is 6 of 12
Answer Stats
Fee (M €) Nationality Left Joined Player % Correct
55,00 England Crystal Palace Manchester United Aaron Wan-Bissaka
100%
65,00 Portugal Juventus Manchester City João Cancelo
100%
22,00 England Tottenham Atlético Madrid Kieran Trippier
92%
9,80 Italy FC Empoli SSC Napoli Giovanni Di Lorenzo
62%
9,20 Switzerland BSC Young Boys VfL Wolfsburg Kevin Mbabu
46%
9,80 England / Nigeria Chelsea Torino Ola Aina
46%
12,00 Spain Girona Manchester City Pedro Porro
46%
12,50 Austria RB Salzburg Borussia Mönchengladbach Stefan Lainer
46%
12,00 Portugal Sporting CP Valencia Thierry Correia
38%
8,00 France Montpellier Monaco Ruben Aguilar
23%
8,00 Spain SD Eibar Villarreal Rubén Peña
23%
8,00 Russia Vitesse Zenit S-Pb Vyacheslav Karavaev
15%
No matching quizzes found
Score Distribution
Percent of People with Each Score
Percentile by Number Answered
Your Score History
You have not taken this quiz